| 000 | 00746cab a2200205 4500 | ||
|---|---|---|---|
| 001 | ABS48902 | ||
| 008 | 090401t1993 xxu||||| |||| 00| 0 eng d | ||
| 035 | _a(Sirsi) u69065 | ||
| 041 | _aeng | ||
| 100 | _aPowell-Smith, V. | ||
| 245 | 2 | _aA powerful weapon | |
| 260 | _c1993 | ||
| 350 | _a0 | ||
| 490 |
_aContract Journal _v369(5933) 15 July 1993, 13(1) |
||
| 520 | _aCiting "A Cameron Ltd v John Mowlem & Co Ltd" and "Drake & Scull Engineering Ltd v MaLaughlin & Harvey plc" by way of example, argues that the mandatory injunction is a `powerful weapon` and that the courts will use it to enforce the terms of a contract. | ||
| 650 | _aDOM/1 | ||
| 690 | _aBUILT ENVIRONMENT-BUILDING CONTRACT FORMS | ||
| 942 | _n0 | ||
| 948 | _c04/03/1997 | ||
| 999 |
_c43382 _d43382 |
||